Statistieken voor Equatoriaal-Guinea Trivia Quiz

Klik hier om de quiz te nemen!

Algemene statistieken

  • Deze quiz is 187 keer genomen
  • De gemiddelde score is 10 van 15

Antwoordstatistieken

HintAntwoord% Correct
Aangrenzende landenKameroen
95%
Officiële talenFrans
94%
Aangrenzende landenGabon
94%
Equatoriaal-Guinea ligt aan beide zijden van deze lijn, maar raakt hem nietEvenaar
92%
Officiële talenSpaans
85%
Belangrijkste export van Equatoriaal-GuineaOlie
80%
Technisch gezien is Equatoriaal-Guinea het op twee na ___ Afrikaanse land, achter de Seychellen en Mauritiusrijkste
80%
HoofdstadMalabo
77%
Officiële talenPortugees
72%
Het heeft echter ook 's werelds hoogste ______, gemeten aan de hand van de GINI-coëfficiëntInkomens{ongelijkheid}
61%
Eiland waar die stad op ligtBioko
47%
Geplande toekomstige hoofdstadCiudad de la {Paz}
47%
Meest bevolkte stadBata
44%
Naam voor het vasteland van Equatoriaal-GuineaRío {Muni}
40%
Grootste ethnische groepFang
38%

Scoreverdeling

Percentiel versus Aantal Correcte Antwoorden

Procent van Mensen met Elke Score

Uw Scoregeschiedenis

U heeft deze quiz nog niet genomen